000 005750000a22001810004500
090 _aAR
_b04035
245 1 0 _aNew endemic taxa of Festuca from the Colombian Sierra Nevada de Santa Marta
650 1 4 _aBotánica
_9361
650 1 4 _aTaxonomía vegetal
_992262
650 1 4 _aNuevas especies
_992905
650 1 4 _aPáramos
_992513
651 4 _lSierra Nevada de Santa Marta
_dMagdalena
_pColombia
_992749
653 _gFestuca
_eFestuca sanctae-martae
041 0 _aInglés
100 1 _aStancik, Daniel
_94405
942 _cARTICULO
773 1 _tPreslia, Phaha
_q339-347
_d2003
_g75
999 _c13068
_d13068